HIGH COURT CRIMINAL SESSION NO.65 OF 1975 Uganda Vs 1. Erineo Tumusabe Bekahakanira 2. Behakanire 3. Phillipo Kiiza 4. Benefaso Kashaija (Record no. 7936)
[ view plain ]
| 000 -LEADER | |
|---|---|
| fixed length control field | 00378nam a22000977a 4500 |
| 008 - FIXED-LENGTH DATA ELEMENTS--GENERAL INFORMATION | |
| fixed length control field | 150720b xxu||||| |||| 00| 0 eng d |
| 010 ## - LIBRARY OF CONGRESS CONTROL NUMBER | |
| Field link and sequence number | HCCRSARF:031 |
| 245 ## - TITLE STATEMENT | |
| Title | HIGH COURT CRIMINAL SESSION NO.65 OF 1975 Uganda Vs 1. Erineo Tumusabe Bekahakanira 2. Behakanire 3. Phillipo Kiiza 4. Benefaso Kashaija |
| 260 ## - PUBLICATION, DISTRIBUTION, ETC. (IMPRINT) | |
| Place of publication, distribution, etc | High Court Kampala |
| 500 ## - GENERAL NOTE | |
| Materials specified | BEFORE: Hon. Mr. Justice D.L.K. Lubogo |
| Withdrawn status | Lost status | Source of classification or shelving scheme | Damaged status | Koha normalized classification for sorting | Not for loan | Location (home branch) | Sublocation or collection (holding branch) | Shelving location | Date acquired | Koha issues (times borrowed) | Koha full call number | Piece designation (barcode) | Koha date last seen | Price effective from | Koha item type |
|---|---|---|---|---|---|---|---|---|---|---|---|---|---|---|---|
| Dewey Decimal Classification | HCCRSARF_031 | Archives | Archives | Archives | 07/20/2015 | HCCRSARF:031 | 3110/2015 | 07/20/2015 | 07/20/2015 | Un Reported Cases |
